| 000 | 00421nam a22001697a 4500 | ||
|---|---|---|---|
| 003 | macl | ||
| 005 | 20150614163944.0 | ||
| 008 | 150614b xxu||||| |||| 00| 0 eng d | ||
| 040 | _cmacl | ||
| 041 | _aEnglish | ||
| 082 | _a720/CHO | ||
| 100 |
_aChoudary,Dr. Kiran Kranth _9258 |
||
| 245 | _aSrikalahastisvara Temple | ||
| 260 |
_aNew Delhi _bHarman Publishing _c2008 |
||
| 650 |
_aArchitecture _9259 |
||
| 942 |
_2ddc _cBK |
||
| 999 |
_c49870 _d49870 |
||